000 00812nam a2200253Ia 4500
003 OSt
005 20220928112151.0
006 a|||||r|||| 00| 0
007 ta
008 220927b |||||||| |||| 00| 0 eng d
024 _a47576
037 _cTextual
040 _aSDCL
_cSDCL
_beng
041 _2eng
_aeng
082 _aXM8:516.1'P, P8
100 _aCartensen Peter C Ed.
_9426577
245 0 _aCompetition policy and merger analysis in deregulated and newly competitive industries
260 _aCheltenham
_bEdward Elgar
_c2008
300 _aix,256p
_ccm.
650 _aCompetition Multinational Corporation
_9426578
700 _a Farmer Susan Beth Ed.
_9426579
942 _hXM8:516.1'P, P8
_cTEXL
_2CC
999 _c743506
_d743506